000 00539nam a22001817a 4500
999 _c11702
_d11702
003 AR-CdUCM
008 190404b ||||| |||| 00| 0 spa d
040 _aMUNICIPALIDAD PROVINCIAL DEL CUSCO
_cBIBLIOTECA MUNICIPAL DEL CUSCO
082 _aC / 868.61 /
_bM41
100 _aMelgar, Mariano
_911021
245 _aPoesías /
260 _aCuzco :
_bH. G. Rozas,
_c1958.
300 _a111 páginas ;
_c17 cm.
650 _aPoesía peruana.
_9806
650 _aPoesía arequipeña.
_910299
942 _2ddc
_cLIBROS
945 _awfj
_d2019-04-04